Normal view MARC view
  • National Audit Office

Entry Corporate Name

Number of records used in: 9

001 - CONTROL NUMBER

  • control field: 4918

003 - CONTROL NUMBER IDENTIFIER

  • control field: SIRSI

005 - DATE AND TIME OF LATEST TRANSACTION

  • control field: 20190806150238.0

008 - FIXED-LENGTH DATA ELEMENTS

  • fixed length control field: 060424n| aaannaabn |n ana d

040 ## - CATALOGING SOURCE

  • Original cataloging agency: OSt
  • Transcribing agency: OSt

110 2# - HEADING--CORPORATE NAME

  • Corporate name or jurisdiction name as entry element: National Audit Office

670 ## - SOURCE DATA FOUND

  • Source citation: Update on PFI debt refinancing and the PFI equity market, 2006